Statistiques concernant Pokémon-Quel est le nom de cet Objet?

Cliquez ici pour prendre le quiz!

Statistiques générales

  • Ce quiz a été pris 39 fois
  • Le résultat moyen est 21 sur 32

Statistiques - réponses

Réponse% Correct
Canne
95%
Hyper Potion
95%
Baie Pêcha
92%
Honor Ball
92%
Safari Ball
92%
Super Bonbon
92%
Corde Sortie
89%
Restes
89%
Rappel Max
86%
Ecaille Coeur
84%
Multi Exp
81%
Pépite
81%
Bicyclette
76%
Pierre Nuit
76%
Pierre Eclat
70%
Roche Royale
68%
CD Douteux
65%
Grelot Zen
65%
Poképoupée
65%
Tissu Fauche
65%
Ultra Ball
65%
Magmariseur
59%
Bracelet Z
57%
Herbe Rappel
54%
Méga-Bracelet
54%
Eau Fraîche
51%
Morc Etoile
43%
Nautile
43%
Vokit
43%
Masque du Puits
19%
Max Elixir
19%
Rosée Ame
19%

Distribution des résultats

Percentile par nombre de réponses

% des personnes avec chaque résultat

Votre développement - résultats

Vous n’avez pas pris ce quiz